Landlocked Countries of Europe - Shape Quiz - Statistics

General Stats
  • This quiz has been taken 1,924 times
  • The average score is 12 of 15
Answer Stats
Picture Answer % Correct
Austria
93%
Switzerland
92%
Vatican City
91%
Czechia
90%
Hungary
85%
Serbia
85%
Kosovo
84%
Slovakia
84%
Moldova
82%
Liechtenstein
76%
Luxembourg
76%
North Macedonia
75%
Belarus
74%
San Marino
71%
Andorra
70%
No matching quizzes found
Score Distribution
Percent of People with Each Score
Percentile by Number Answered
Your Score History
You have not taken this quiz